| 000 | 00414nam a22001457a 4500 | ||
|---|---|---|---|
| 005 | 20180818161632.0 | ||
| 020 |
_a8131705056 _c00.00 |
||
| 035 | _aB-226765 | ||
| 037 |
_aDPL _bENG |
||
| 100 | _aFoley, James D. | ||
| 245 |
_aComputer graphics : _bPrinciples and practice / _cby James D. Foley et. al. |
||
| 260 | _bPearson Education | ||
| 300 |
_a1158p. _c20 cms. |
||
| 942 |
_2ddc _cEN _h006.6 _mCOM |
||
| 999 |
_c62489 _d62489 |
||